Statistics for Ariana Grande Music Library

Click here to take the quiz!

General Stats

  • This quiz has been taken 25 times
  • The average score is 59 of 80

Answer Stats

Album Song title % Correct
7 Rings
100%
with Iggy AzaleaProblem
95%
Dangerous Woman
95%
with Nicki MinajSide to Side
95%
Thank U, NextImagine
90%
No Tears Left to cry
90%
R.E.M
90%
Santa Tell MeSanta Tell Me
90%
Pete Davidson
90%
Featuring Nicki MinajThe Light is Coming
90%
With the WeekndLove Me Harder
90%
God is a Woman
90%
Thank U, Next
90%
With ZeddBreak Free
86%
Sweetener
86%
Breathin'
86%
Featuring the late Mac MillerThe Way
86%
Fake Smile
86%
Bad Idea
86%
Make Up
86%
Featuring FutureEveryday
86%
NASA
86%
One Last Time
81%
With Lil WayneLet Me Love You
81%
Dangerous WomanMoonlight
81%
In My Head
81%
Into You
81%
Beauty and the Beast, with John LegendBeauty and the Beast
81%
Ghostin'
81%
Greedy
76%
Featuring Pharrell WilliamsBlazed
76%
Somewhere over the RainbowSomewhere Over the Rainbow
76%
Yours TrulyHoneymoon Avenue
76%
My Everything
76%
Goodnight n Go
76%
With Childish GambinoBreak Your Heart Right Back
76%
With Big BeanBest Mistake
76%
Get well Soon
76%
Needy
76%
Break Up with Your Girlfriend, I'm Bored
76%
Featuring Big SeanRight There
76%
Touch it
76%
Successful
71%
Better Off
71%
Bloodline
71%
SweetenerRaindrops ( an Angel cried)
71%
With Macy grayLeave me Lonely
71%
Early Single 2011Put Your Hearts Up
71%
With Nathan SykesAlmost is Never Enough
71%
With MikaPopular song
71%
Christmas kisses EPLast Christmas
71%
with Cashmere CatBe My Baby
71%
Everytime
67%
Piano
67%
Day Dreamin
67%
Knew Better/ Forever Boy
67%
Just A Little Bit of Your Heart
67%
International deluxe version of Dangerous WomanSometimes
67%
Baby I
67%
Be Alright
62%
You'll Never know
62%
Thinking Bout You
62%
Why Try
62%
True Love
62%
Santa Baby
62%
Winter Things
62%
I Don't Care
57%
with A$ap FergHands on Me
57%
My EverythingIntro
57%
Bad Decisions
57%
Wit It This Christmas
57%
December
57%
Lovin it
57%
Tattooed Heart
57%
Snow in California
52%
Not Just on Christmas
48%
Sing! with Stevie WonderFaith
48%
Love is Everything
43%
With Missy ElliottBoderline
14%

Score Distribution

Percentile by Number Answered

Percent of People with Each Score

Your Score History

You have not taken this quiz